| 000 | 01626cam a2200325 a 4500 | ||
|---|---|---|---|
| 999 |
_c19292 _d19264 |
||
| 001 | 16189991 | ||
| 003 | EG-ScBUE | ||
| 005 | 20200209120342.0 | ||
| 008 | 100416s2010 njua f d 001 0 eng d | ||
| 020 | _a9780240811833 (pbk.) | ||
| 040 |
_aUKM _beng _erda _cUKM _dC#P _dBWX _dDLC _dEG-ScBUE |
||
| 082 | 0 | 4 |
_a808.06607 _bWHI _222 |
| 100 | 1 |
_aWhite, Ted, _d1926- _eauthor. _937856 |
|
| 245 | 1 | 0 |
_aBroadcast news : _bwriting, reporting, and producing / _cTed White, Frank Barnas. |
| 250 | _aFifth edition. | ||
| 264 | 1 |
_aBurlington, MA ; _aOxford, UK : _bElsevier/Focal Press, _c2010. |
|
| 300 |
_axviii, 322 pages : _billustrations ; _c24 cm |
||
| 336 |
_2rdacontent _atext _btxt |
||
| 337 |
_2rdamedia _aunmediated _bn |
||
| 338 |
_2rdacarrier _avolume _bnc |
||
| 500 | _aIncludes index. | ||
| 500 | _aIncludes glossary. | ||
| 520 | _a"Broadcast News Writing, Reporting, and Producing, Fourth Edition examines the skills, technologies, and challenges of writing, reporting, and producing for broadcast journalism. Along with complete coverage of the fundamentals, this book contains writing samples from some of the most famous broadcast journalists, including Edward R. Murrow, Charles Kuralt, Cokie Roberts, Eric Sevareid, Pauline Frederick, Charles Osgood, Paul Harvey, Betsy Aaron, Bob Dotson, Susan Stamberg, and Richard Threlkeld, who also discuss how they write and report." | ||
| 650 | 7 |
_aBroadcast journalism. _2BUEsh _937808 |
|
| 650 | 7 |
_aReporters and reporting. _2BUEsh _937383 |
|
| 653 |
_bCOMAME _cMay2015 |
||
| 655 | _vReading book | ||
| 700 | 1 |
_aBarnas, Frank, _eauthor. _937857 |
|
| 942 |
_2ddc _k808.06607 WHI _cBB |
||